000 00933nam a2200229Ia 4500
003 Ost
005 20260507075519.0
008 260507s9999||||xx |||||||||||||| ||und||
020 _a9789953515113
040 _cfsecg
041 _aara
082 _a350
100 _aرو، دومينيك
_eمؤلف
245 0 _aالمائة كلمة في الادارة /
_c دومينيك رو
260 _aبيروت:
_bمجد المؤسسة الجامعية للدراسات والنشر,
_c2008
300 _a134 صفحة؛
_c20 سم
490 _aطريق المعرفة
520 _aالادارة،إنشاء المؤسسات،التنظيم،الانتاج أولا،البيع والمتاجرة،المحاسبة،التمويل،إدارة الأشخاص،المراقبة،الإعلام،الاستراتيجية
653 _aالادارة
700 _aواشد، وردية
_eمؤلف ثانوي
942 _cكتاب
999 _c44767
_d44767